banner-ar

المناهج الدراسية : (Record no. 61917)

MARC details
000 -الفاتح
حقل البيانات ثابتة الطول 00854nam a22002297a 4500
005 - وقت وتاريخ اخر تعامل مع التسجيلة
رقم الضبط 20240530110522.0
008 - عناصر البيانات ثابتة الطول - معلومات عامة
حقل البيانات ثابتة الطول 160220s2013 ua a g b 000 0 ara d
017 ## - رقم الايداع القانونى
رقم الايداع القانونى 2012/16361
المصدر ( الهيئة المختصة) مصر . دار الكتب المصرية
020 ## - الرقم الدولى المعيارى للكتب
الرقم الدولى المعيارى للكتاب 9772328857
040 ## - مصدر الفهرسة
وكالة الفهرسة الأصلية EG-CaGPL
082 04 - رقم تصنيف ديوى العشرى
رقم الطبعة 21
رقم التصنيف 375.001\
رقم المادة ر م
100 0# - المدخل الرئيسى - إسم شخصى
الإسم الشخصى رفعت محمود بهجات محمد .
245 12 - بيان العنوان
العنوان المناهج الدراسية :
بقية العنوان التحديات المعاصرة و فرص النجاح /
بيان المسئوليه,etc رفعت محمود بهجات محمد .
250 ## - بيان الطبعة
بيان الطبعة ط1.
260 ## - PUBLICATION, DISTRIBUTION, ETC. (IMPRINT)
تاريخ النشر أو التوزيع 2013 .
300 ## - الوصف المادى
التعداد 364 ص ؛
أبعاد الوعاء 24 سم .
504 ## - تبصرة ببليوجرافية
تبصرة ببليوجرافية,الخ ببليوجرافية : ص 351 - 360
650 04 - المدخل الاضافى بالموضوع-مصطلح موضوعى
مصطلح موضوعي المناهج
التقسيم الفرعي العام تطوير .
650 04 - المدخل الاضافى بالموضوع-مصطلح موضوعى
مصطلح موضوعي المناهج
التقسيم الفرعي العام تخطيط .
942 ## - عناصر المدخل الإضافي( كوها)
مصدر التصنيف او مخطط الترفيف Dewey Decimal Classification
Koha [default] item type كتاب
260 ## - PUBLICATION, DISTRIBUTION, ETC. (IMPRINT)
-- القاهرة :
-- عالم الكتب ،
Holdings
حالة التراجع حالة الفقد حالة تلف ليس للاعارة المكان المؤقت الموقع الحالى تاريخ الاكتساب اجمالي اﻻعارات رقم الطلب الباركود تاريخ اخر مشاهدة تاريخ تفعيل السعر نوع وعاء كوها
        مكتبة القاهرة الكبرى مكتبة القاهرة الكبرى 02/20/2016   375.001\ ر م 161366 02/20/2016 02/20/2016 كتاب

Powered By

EGPV